00249nam a2200097Ia 4500008004000000082001200040100001600052245002700068260002600095650003000121210210b2000 xxu||||| |||| 00| 0 eng d a150/149 aTEEAR, C.H. aArt of making friends. abNot Mentionedc2000 aFriends making-the art of